Obálka Náhled e-knihy:
PDF Epub
Pro půjčování e-knih musíte být přihlášeni.
Jak si půjčit online?

Solitaire /

Young adult román anglické spisovatelky a autorky populární série Srdcerváči. Tori Springová a Michael Holden chodí na střední školu, kde převládá společnost plná předsudků a není jednoduché zapadnout.

Uloženo v:
Hlavní autor: Oseman, Alice, 1994- (Autor)
Další autoři: Bičíková, Romana, 1986- (Autor)
Médium: E-kniha
Jazyk:Czech
Vydáno: V Praze : CooBoo, 2023
Vydání:2. aktualizované vydání
Témata:
Tagy:
Žádné tagy
LEADER 02829nam a2200517 i 4500
001 311984
003 CZ PrSKC
005 20260601215715.0
007 ta
008 230721s2023 xr d 000 f cze
015 |a cnb003534166 
020 |a 9788076617780  |q (brožováno) :  |c Kč 349,00 
035 |a (OCoLC)1396729995 
040 |a ABG001  |b cze  |d ABA001  |e rda 
041 1 |a cze  |h eng 
072 7 |a 821.111-3  |x Anglická próza, anglicky psaná  |2 Konspekt 
072 7 |a 821-93  |x Literatura pro děti a mládež (beletrie)  |2 Konspekt 
080 |a 821.111-31  |2 MRF 
080 |a 821-93-053.67  |2 MRF 
080 |a 821-93  |2 MRF 
080 |a (0:82-31)  |2 MRF 
100 1 |a Oseman, Alice,  |d 1994-  |7 ola2014848980  |4 aut 
240 1 0 |a Solitaire.  |l Česky 
245 1 0 |a Solitaire /  |c Alice Osemanová ; přeložila Romana Bičíková 
250 |a 2. aktualizované vydání 
264 1 |a V Praze :  |b CooBoo,  |c 2023 
300 |a 293 stran ;  |c 20 cm 
336 |a text  |b txt  |2 rdacontent 
337 |a bez média  |b n  |2 rdamedia 
338 |a svazek  |b nc  |2 rdacarrier 
500 |a Přeloženo z angličtiny 
520 2 |a Young adult román anglické spisovatelky a autorky populární série Srdcerváči. Tori Springová a Michael Holden chodí na střední školu, kde převládá společnost plná předsudků a není jednoduché zapadnout.  |b Tori Springová by byla nejradši, kdyby ji všichni nechali na pokoji. Jenže svět, do kterého se narodila, je hlasitý a extrovertní: vypadá to, že každý po ní chce, aby se změnila a popřela sama sebe. Až na Michaela Holdena. Tenhle zvláštní kluk ji snad jako jediný bere takovou, jaká je. Když jejich střední školu šokuje anonymní skupina Solitaire, pokusí se Tori a Michael odhalit její tajemství. A možná během pátrání zjistí, že ve společnosti plné předsudků může jedno přátelství změnit úplně všechno... Nakladatelská anotace. 
546 |a Český text 
655 7 |a anglické romány  |7 fd131814  |2 czenas 
655 7 |a literatura young adult  |7 fd1185572  |2 czenas 
655 7 |a publikace pro mládež  |7 fd133157  |2 czenas 
655 9 |a English fiction  |2 eczenas 
655 9 |a young adult literature  |2 eczenas 
655 9 |a juvenile literature  |2 eczenas 
700 1 |a Bičíková, Romana,  |d 1986-  |7 xx0161614  |4 trl 
900 |a ABA001  |b 20 
928 9 |a Albatros Media - CooBoo 
044 |a xr 
910 |a RBIT002 
998 |d 380066  |a https://core.palmknihy.cz/api/books/380066/cover?sggnkw  |b https://core.palmknihy.cz/api/books/380066/cover/400?sggnkw  |c https://core.palmknihy.cz/api/books/380066/cover/50?sggnkw  |e 2028-01-30  |g 296  |i 9788076617780  |j https://core.palmknihy.cz/api/books/380066/preview.epub  |k https://core.palmknihy.cz/api/books/380066/preview.pdf  |l   |q 49  |r 1  |s https://www.palmknihy.cz/kniha/380066  |t ebook  |y 2023  |z 0 
999 |d 311982